[Event "2024 Jeremy Silman Memorial TNM"]
[Site "San Francisco"]
[Date "2024.07.09"]
[Round "1.25"]
[White "Rushton, Peter James"]
[Black "Powers, Christopher"]
[Result "0-1"]
[WhiteElo "1217"]
[BlackElo "1852"]
[Annotator "Winslow,Elliott"]
[PlyCount "48"]
[GameId "2066087780372740"]
[EventDate "2024.??.??"]

1. e4 e5 2. Nf3 Nc6 3. Bb5 a6 4. Bc4 {Rather unusual! In fact, 360,000 games with 4.Ba4, 56,000 with 4.Bxc6 -- and a "healthy" 921 games with this move. (Don't forget 60 with 4.Be2, and I don't even want to mention how many other moves have been played...) And no, 4.Bc4 scores badly -- well under 50%. ...a6 is a common and useful move in the Giuoco Piano.} Bc5 5. O-O Nf6 6. d3 d6 7. c3 Ba7 8. b4 Bg4 9. Nbd2 O-O 10. a4 {In fact I only noticed it was 4.Bc4 when *this* move happened!} Ne7 11. Bb2 Qd7 12. h3 Bh5 13. Qe1 Ng6 14. d4 (14. g4 $4 {and a capture on g4 wins (and isn't even necessary!)}) 14... Rfe8 15. Ng5 Nf4 16. Qe3 h6 17. Ngf3 g5 18. Nxe5 $6 {Off the rails in a lost position...} dxe5 19. Rfe1 Bg6 20. Qf3 g4 21. Qg3 gxh3 22. Nf3 N6h5 23. Qh4 Nxg2 24. Red1 Nxh4 0-1

[Event "2024 Jeremy Silman Memorial TNM"]
[Site "San Francisco"]
[Date "2024.07.09"]
[Round "1.26"]
[White "Liu, Felix"]
[Black "Stults, Sawyer"]
[Result "0-1"]
[WhiteElo "1832"]
[BlackElo "1182"]
[Annotator "Winslow,Elliott"]
[PlyCount "71"]
[GameId "2066087780376837"]
[EventDate "2024.??.??"]

1. d4 d5 2. c4 e6 3. Nf3 c5 4. g3 Nf6 5. Bg2 Nc6 6. O-O Be7 7. cxd5 exd5 8. dxc5 Bxc5 9. Nc3 h6 10. Bf4 O-O 11. Rc1 Bb6 12. Na4 Re8 13. Nxb6 {[#]} Qxb6 $146 ({Relevant:} 13... axb6 14. a3 d4 15. Re1 Bf5 16. Rxc6 bxc6 17. Nxd4 Be4 18. f3 Bg6 19. e4 Qd7 20. Be3 c5 21. Ne2 Qb5 22. Qc2 Nd5 23. Bf2 Rad8 24. h4 Bh7 25. Bf1 Ne7 26. Nc3 Qa5 27. Bb5 Rf8 28. a4 Qa8 29. Bc4 Nc6 30. Nd5 Qb7 31. Qc3 Kh8 32. h5 Rfe8 33. g4 Ne5 34. Ba2 f6 35. Bg3 Bg8 36. Bf4 Bxd5 37. Bxd5 Rxd5 38. exd5 Nxf3+ 39. Qxf3 Rxe1+ 40. Kf2 Re8 41. d6 Qd7 42. Kg3 Qxa4 43. Qd5 {0-1 Weetik,V (2423)-Yeletsky,I (2504) Titled Tuesday intern op 13th Feb Late Chess.com INT blitz 2024 (9)}) 14. Qd2 Be6 15. Rfd1 Ne4 16. Qe3 Qxb2 {[#]} 17. Rb1 Qf6 18. Nd4 g5 19. Bc7 Re7 20. Bxe4 dxe4 21. Bd6 {[#]} Rd7 22. Nxc6 bxc6 23. Qc5 Bd5 24. Rb8+ Rxb8 25. Bxb8 Qd8 26. Bxa7 Bxa2 27. Re1 Rd1 28. Rxd1 Qxd1+ 29. Kg2 Qxe2 30. Qxc6 Qf3+ 31. Kg1 Be6 32. Kf1 Qd3+ 33. Kg1 Bh3 34. Qe8+ Kg7 35. Qe5+ Kg6 36. Qa1 0-1

[Event "2024 Jeremy Silman Memorial TNM"]
[Site "San Francisco"]
[Date "2024.07.09"]
[Round "1.27"]
[White "Ahrens, Richard William"]
[Black "Mercado, Adam"]
[Result "0-1"]
[WhiteElo "1069"]
[BlackElo "1812"]
[Annotator "Winslow,Elliott"]
[PlyCount "40"]
[GameId "2065852926175775"]
[EventDate "2024.??.??"]

1. e4 c5 2. Bc4 e6 3. Nc3 Nc6 4. Nf3 Nge7 5. O-O ({Relevant:} 5. d4 cxd4 6. Nxd4 Nxd4 7. Qxd4 Nc6 8. Qd1 Bb4 9. O-O O-O 10. Nb5 Ne5 11. Be2 Qe7 12. c3 Bc5 13. b4 Bb6 14. a4 a6 15. Nd6 Bc7 16. Nxc8 Raxc8 17. Be3 Rfd8 18. a5 Qh4 19. g3 Qxe4 20. Qd4 Nf3+ 21. Bxf3 Qxf3 22. Rfd1 d5 23. c4 dxc4 24. Qxc4 Rxd1+ {0-1 Winterberg,L (2394)-Shuvalova,P (2492) Titled Tuesday intern op 08th Nov Early Chess.com INT blitz 2022 (8)}) 5... Ng6 6. d4 cxd4 7. Nxd4 {[#]} Nce5 $146 ({Predecessor:} 7... Be7 8. Nce2 O-O 9. b3 a6 10. Bb2 b5 11. Bd3 Bb7 12. Ng3 Bf6 13. c3 Qb6 14. Bc2 b4 15. Nde2 Rac8 16. Rc1 Rfd8 17. Bd3 a5 18. Kh1 d5 19. Qc2 Nce5 20. f4 Nxd3 21. Qxd3 dxe4 22. Qc2 e3 23. Rcd1 Qc6 24. Ng1 Nxf4 25. Nf3 Nxg2 26. Qxg2 Rxd1 27. Rxd1 Qxf3 28. Rg1 Qxg2+ 29. Rxg2 Bxg2+ 30. Kxg2 bxc3 31. Bc1 c2 32. Kf3 Bd4 33. Ke4 Bb6 34. Kd3 f5 35. Ne2 e5 36. Ng3 g6 37. Ke2 {0-1 Hafner Urbancic,K (1494)-Guid,T (1557) SLO-chT2 West Komenda 2019 (7.6)}) 8. Bb3 Bc5 {[#]} 9. Ndb5 (9. Be3 $1 $16 {[%cal Gd4e6]} b6 10. f4 Nc6 11. Rf2 $1 {[%cal Gd4c6] so that ...Bxe3 isn't check!} (11. Qd2 Ba6 12. Rf2 {is pretty good too.})) 9... O-O $14 10. Nd6 $2 Qh4 $1 $17 11. Ne2 $2 (11. h3) 11... Ng4 $19 12. h3 Nxf2 13. Rxf2 Qxf2+ 14. Kh1 Bxd6 15. Qg1 Qxe2 16. Bg5 b6 17. Re1 Qh5 18. Be3 Bb7 19. c4 Bxe4 20. Bd1 Qxh3+ 0-1

[Event "2024 Jeremy Silman Memorial TNM"]
[Site "San Francisco"]
[Date "2024.07.09"]
[Round "1.28"]
[White "Jian, Sheng"]
[Black "Otterbach, Renate"]
[Result "1-0"]
[WhiteElo "1774"]
[BlackElo "1029"]
[PlyCount "91"]
[GameId "2066087780376839"]
[EventDate "2024.??.??"]

1. e4 c5 2. Nc3 g6 3. d4 cxd4 4. Qxd4 Nf6 5. Nf3 Nc6 6. Qe3 {[#]} ({Relevant:} 6. Qa4 d6 7. e5 dxe5 8. Nxe5 Bg7 9. Bb5 O-O 10. Nxc6 bxc6 11. Bxc6 Bd7 12. O-O Rc8 13. Bxd7 Qxd7 14. Qxd7 Nxd7 15. Nd5 Rxc2 16. Nxe7+ Kh8 17. Be3 Rxb2 18. Rad1 Ne5 19. Bxa7 Rxa2 {½-½ Narayanan,S (2677)-Mamedov,R (2651) Wch Blitz Samarkand 2023 (12)}) 6... Nb4 $146 ({Predecessor:} 6... d6 7. Bc4 Bg7 8. O-O O-O 9. h3 a6 10. Qe2 b5 11. Bb3 Na5 12. Bg5 Nxb3 13. axb3 Bb7 14. Rad1 Qc7 15. Nd5 Nxd5 16. exd5 Bxb2 17. Qxe7 Rac8 18. c4 Rfe8 19. Qxc7 Rxc7 20. Bf4 bxc4 21. bxc4 Rxc4 22. Bxd6 Rd8 23. Be7 Rxd5 24. Rb1 Rb5 25. Rfd1 Rc8 26. Rd7 Bc6 27. Ra7 Ra8 28. Rc7 Bxf3 29. gxf3 h5 30. Kg2 Kg7 31. Rc6 Bd4 32. Rd1 Bb2 33. Rb1 Kg8 34. Rc7 Be5 35. Rxb5 Bxc7 36. Rb7 {0-1 Turayev,S (2217)-Seo,J (2516) Titled Tuesday intern op 13th Sep Early Chess.com INT blitz 2022 (3)}) 7. Bd3 Bg7 8. Bd2 Ng4 9. Qe2 Qb6 10. h3 Nxd3+ 11. cxd3 Ne5 12. Nxe5 Bxe5 13. Be3 Qc6 14. Rc1 Qe6 15. d4 Bg7 16. Nd5 O-O 17. Nc7 Qxe4 18. Nxa8 Qxg2 19. Kd2 Qd5 20. Qc4 Qc6 21. Nc7 Qxc4 22. Rxc4 a6 23. Rhc1 d6 24. Nd5 Bxh3 25. Nxe7+ Kh8 26. Ke2 Bf6 27. Nd5 Bd8 28. Nf4 Bf5 29. Rb4 g5 30. Nd3 Be4 31. Rbc4 Bd5 32. Rc8 f6 33. a3 h5 34. f3 Kh7 35. Rh1 Kg6 36. Rh2 f5 37. Rg2 g4 38. Nf4+ Kf7 39. Nxd5 Ke6 40. Nf4+ Kd7 41. Rxd8+ Rxd8 42. Nxh5 Rc8 43. Kd3 gxf3 44. Rf2 Rh8 45. Nf4 Rh1 46. Rxf3 1-0

[Event "2024 Jeremy Silman Memorial TNM"]
[Site "San Francisco"]
[Date "2024.07.09"]
[Round "1.29"]
[White "Booth, Kyle Ewart Coventry"]
[Black "Alzhin, Leonid"]
[Result "0-1"]
[WhiteElo "1006"]
[BlackElo "1764"]
[PlyCount "106"]
[GameId "2066087780380936"]
[EventDate "2024.??.??"]

1. e4 e5 2. Nf3 Nc6 3. Bb5 d6 4. d4 Bd7 5. d5 Nb8 6. Nc3 ({Relevant:} 6. c4 Nf6 7. Nc3 Be7 8. Bxd7+ Nbxd7 9. Be3 g6 10. h3 Nh5 11. O-O O-O 12. Rc1 Ng7 13. b4 f5 14. c5 f4 15. cxd6 cxd6 16. Bd2 a6 17. b5 g5 18. bxa6 bxa6 19. Ne1 h5 20. Nd3 a5 21. g4 f3 22. Ne1 hxg4 23. hxg4 Nf6 24. Qxf3 Qd7 25. Qh3 Nxg4 26. Kg2 Kf7 27. f3 Nf6 28. Qxd7 Nxd7 29. Nd3 a4 30. Rb1 Ra7 31. Nb5 Raa8 32. Nc3 Ra7 33. Rb4 Nh5 34. Rfb1 Nf4+ 35. Bxf4 exf4 {1-0 Ivanchuk,V (2758)-Ehlvest,J (2613) Vladimir Petrov Memorial op Jurmala rapid 2013 (13)}) 6... Be7 7. O-O Nf6 8. Re1 O-O {[#]} 9. Bg5 $146 ({Predecessor:} 9. h3 Bxb5 10. Nxb5 c6 11. dxc6 bxc6 12. Nc3 Nbd7 13. Be3 g6 14. Qd3 Nh5 15. Rad1 Qc7 16. Nd2 Rfd8 17. Qa6 Nc5 18. Bxc5 dxc5 19. Nb3 Nf4 20. Na4 Ne6 21. Qc4 Qb7 22. Na5 Qc7 23. Qa6 Rxd1 24. Rxd1 Rd8 25. Rxd8+ Nxd8 26. Nb3 Ne6 27. Na5 Nd8 28. Nc3 Kg7 29. Ne2 f6 30. Nc4 Kf7 31. Nc1 Qb7 32. Qxb7 Nxb7 33. Kf1 Ke6 34. Ke2 Bd8 35. Nd3 Bc7 36. f3 f5 37. b3 h5 38. g3 Kf6 {½-½ Szpar,M (2477)-Haydon,D (2230) Morshyn Saint Charbel Cup 2023 (1)}) 9... a6 10. Bxd7 Nbxd7 11. Nh4 Nxd5 12. Bxe7 Nxe7 13. Re3 Nf6 14. Rg3 Ng6 15. Nxg6 fxg6 16. Rf3 Qd7 17. Qd3 Rf7 18. Nd5 Kh8 19. c4 Raf8 20. Rd1 Nxd5 21. cxd5 Rxf3 22. gxf3 Qh3 23. Rc1 Rxf3 24. Qe2 Rf7 25. Rc3 Qh4 26. Qe3 h6 27. f3 Qe7 28. Qa7 Qg5+ 29. Kh1 Qd2 30. Qxb7 Qf2 31. Qxa6 Qxb2 32. Qc6 Qf2 33. Qc4 Rxf3 34. Rxf3 Qxf3+ 35. Kg1 Qe3+ 36. Kg2 Qb6 37. a4 Kh7 38. Qc3 Qa6 39. Qb4 h5 40. h4 Qe2+ 41. Kg3 Qg4+ 42. Kf2 Qxh4+ 43. Ke2 Qg4+ 44. Kd2 Qf4+ 45. Kc2 Qf2+ 46. Qd2 Qf1 47. Qd3 Qg2+ 48. Kc3 Qa2 49. Qb5 Qa1+ 50. Kd2 Qd4+ 51. Kc1 h4 52. a5 h3 53. Qa6 h2 0-1

[Event "2024 Jeremy Silman Memorial TNM"]
[Site "San Francisco"]
[Date "2024.07.09"]
[Round "1.30"]
[White "Lamstein, Joshua"]
[Black "Brown, Samuel Tseng"]
[Result "1-0"]
[WhiteElo "1751"]
[BlackElo "976"]
[PlyCount "83"]
[GameId "2066087780380937"]
[EventDate "2024.??.??"]

1. c4 e5 2. d3 Nf6 3. g3 Nc6 4. Bg2 Bc5 5. Nc3 O-O 6. Nf3 d6 7. O-O h6 8. Na4 Bb6 9. Rb1 Bg4 10. b4 a6 11. Nxb6 cxb6 12. a4 Rb8 13. Ba3 Re8 14. b5 Ne7 15. e4 a5 16. Re1 Qc7 17. Rc1 Rbc8 18. h3 Bh5 19. d4 Nd7 20. Qd3 Rcd8 21. g4 Bg6 22. Nh4 Bh7 23. Nf5 Nxf5 24. exf5 f6 25. Qf3 Rb8 26. Qd5+ Kh8 27. Bxd6 Bg8 28. Qxg8+ Rxg8 29. Bxc7 Rbc8 30. Bd6 exd4 31. Bxb7 Rcd8 32. Bd5 Rge8 33. Rxe8+ Rxe8 34. Bc6 Rd8 35. Bxd7 Rxd7 36. c5 bxc5 37. Bxc5 d3 38. Rd1 Rd5 39. Be3 Kg8 40. Kf1 Kf7 41. Ke1 Ke7 42. Kd2 1-0

[Event "2024 Jeremy Silman Memorial TNM"]
[Site "San Francisco"]
[Date "2024.07.09"]
[Round "1.31"]
[White "Braithwaite, Andrew"]
[Black "Admassu, Yonathan"]
[Result "0-1"]
[WhiteElo "969"]
[BlackElo "1750"]
[Annotator "Winslow,Elliott"]
[PlyCount "72"]
[GameId "2066087780380938"]
[EventDate "2024.??.??"]

1. e4 d6 2. d4 Nf6 3. Nc3 g6 4. Nf3 Bg7 5. Be2 O-O 6. O-O Nc6 7. Bg5 (7. d5 Nb8 (7... Ne5 $5) 8. h3) 7... h6 8. Be3 e5 9. d5 Nb8 10. h3 Kh7 11. Qd2 Ng8 12. Nh2 f5 13. f3 f4 14. Bf2 Nd7 15. a4 Ndf6 16. Nb5 Nh5 {[#]} 17. Nxa7 Rxa7 18. Bxa7 Qg5 19. Ng4 Ng3 20. Rfb1 h5 21. Nf2 Nh6 22. b4 Qh4 23. a5 g5 24. b5 g4 25. hxg4 hxg4 26. a6 b6 27. Bxb6 cxb6 28. a7 Bb7 29. Qc3 Nxe2+ 30. Kf1 Nxc3 31. Rb3 Nxd5 32. Ke2 Rc8 33. c4 Rxc4 34. Nd1 Qh2 35. Ra6 Qxg2+ 36. Kd3 Rd4# 0-1

[Event "2024 Jeremy Silman Memorial TNM"]
[Site "San Francisco"]
[Date "2024.07.09"]
[Round "1.32"]
[White "Cheng, Kar Lun"]
[Black "Carion, Anthony Patrick"]
[Result "1-0"]
[WhiteElo "1704"]
[BlackElo "883"]
[PlyCount "67"]
[GameId "2066087780380939"]
[EventDate "2024.??.??"]

1. e4 e5 2. Nf3 Nc6 3. Bb5 Nf6 4. d3 a6 5. Bxc6 bxc6 6. Nxe5 Bb7 7. Nc3 d6 8. Nf3 Be7 9. Bg5 O-O 10. h3 Re8 11. Qd2 h6 12. Be3 Nh7 13. O-O-O Ng5 14. Nxg5 Bxg5 15. f4 Bf6 16. g4 c5 17. Rhg1 Bd4 18. g5 Bxe3 19. Qxe3 h5 20. g6 Qe7 21. gxf7+ Qxf7 22. Rg5 Bc8 23. Rdg1 Bf5 24. Rxg7+ Qxg7 25. Rxg7+ Kxg7 26. Qg3+ Kf6 27. Qg5+ Ke6 28. Qxf5+ Ke7 29. Nd5+ Kd8 30. Qf6+ Kd7 31. Qf7+ Kc6 32. Qxc7+ Kb5 33. Qb6+ Ka4 34. Nc3# 1-0

[Event "2024 Jeremy Silman Memorial TNM"]
[Site "San Francisco"]
[Date "2024.07.09"]
[Round "1.33"]
[White "Mullins, Thomas N"]
[Black "Cooper, Lee"]
[Result "0-1"]
[WhiteElo "878"]
[BlackElo "1670"]
[Annotator "Winslow,Elliott"]
[PlyCount "128"]
[GameId "2066087780385036"]
[EventDate "2024.??.??"]

1. e4 e6 2. d4 d5 3. e5 c5 4. Nf3 (4. c3) 4... Bd7 5. Nc3 Nc6 6. Be3 cxd4 7. Nxd4 Nxe5 8. Nf3 Ng6 9. g3 Be7 10. Bd4 Nf6 11. Ne5 O-O 12. Nxg6 hxg6 13. a3 Qc7 14. f3 e5 15. Bf2 d4 16. Na2 Rac8 17. Rc1 Nd5 18. Bd3 f5 19. b3 Bxa3 20. Rb1 Be6 21. Bc4 Qd7 22. Qd3 Bb4+ 23. Nxb4 Nxb4 24. Qe2 Bxc4 25. bxc4 Nc6 26. O-O a5 27. Rfd1 Qc7 28. c5 Nb4 29. Qc4+ Qf7 30. Qb5 Na2 31. Be1 Nb4 32. c3 Nc2 33. Qxa5 Ne3 34. Rdc1 Qd5 35. Kf2 Nc4 36. Qa2 e4 37. Rd1 d3 38. Rb4 Rxc5 39. Bd2 e3+ 40. Bxe3 Nxe3 41. Qxd5+ Nxd5 42. Rxd3 Nxb4 43. cxb4 Rc2+ 44. Kg1 Ra8 45. Rd1 Raa2 46. Kf1 Rxh2 47. Kg1 Rag2+ 48. Kf1 Rxg3 49. Rd3 g5 50. Rd7 Rxf3+ 51. Ke1 Rb3 52. b5 Rb1+ 53. Rd1 Rh1+ 54. Ke2 Rbxd1 55. b6 Rdf1 56. Ke3 g4 57. Kd4 g3 58. Kd5 g2 59. Kd6 g1=Q 60. Ke6 Rh6+ 61. Kd7 Qd4+ 62. Kc7 Qd6+ 63. Kxb7 Qxb6+ 64. Ka8 Ra1# 0-1

[Event "2024 Jeremy Silman Memorial TNM"]
[Site "San Francisco"]
[Date "2024.07.09"]
[Round "1.34"]
[White "Chea, Na"]
[Black "Halle, Zachary"]
[Result "1-0"]
[WhiteElo "1655"]
[BlackElo "768"]
[Annotator "Winslow,Elliott"]
[PlyCount "47"]
[GameId "2066087780385037"]
[EventDate "2024.??.??"]

1. d4 Nf6 2. Nf3 g6 3. Bf4 Bg7 4. e3 O-O 5. c3 d6 6. Nbd2 Nbd7 7. Bg3 b6 8. Be2 Bb7 9. O-O Re8 10. a4 a5 11. Bb5 Ba6 12. Bxa6 Rxa6 13. Qe2 Ra8 14. Qb5 h6 15. h3 Nh5 16. Bh2 e5 17. Rfd1 exd4 18. cxd4 Nf8 19. Rac1 Rc8 20. Rc6 Re7 21. Rdc1 Qd7 {[#]} 22. Bxd6 Ree8 23. Bxc7 Ne6 24. Bxb6 1-0

[Event "2024 Jeremy Silman Memorial TNM"]
[Site "San Francisco"]
[Date "2024.07.09"]
[Round "1.35"]
[White "Wardle, Braxton"]
[Black "Vandenhoven, Clarke Raymond"]
[Result "0-1"]
[WhiteElo "398"]
[BlackElo "1650"]
[PlyCount "46"]
[GameId "2066087780385038"]
[EventDate "2024.??.??"]

1. e4 c5 2. Nf3 d6 3. Bb5+ Nc6 4. O-O Bd7 5. Re1 Nf6 6. Nc3 a6 7. Bf1 Bg4 8. d3 g6 9. h3 Bxf3 10. Qxf3 Bg7 11. Be3 O-O 12. Rad1 Nd7 13. d4 cxd4 14. Bxd4 Nxd4 15. Rxd4 Bxd4 16. Rd1 Bg7 17. Bc4 Ne5 18. Qe2 Rc8 19. Bd5 Qc7 20. f4 Nd7 21. Rd3 b5 22. f5 b4 23. Na4 Qxc2 0-1